000 00772nam a2200265Ia 4500
003 OSt
005 20221007062337.0
006 a|||||r|||| 00| 0
007 ta
008 221006b |||||||| |||| 00| 0 eng d
020 _a818547043X
024 _a4,499
037 _cTextual
040 _aFLL
_cFLL
_beng
041 _2eng
_aeng
082 _aD854:(G:54)Z2, N6
100 _aChaturvedi R.G. Au.
_9682658
245 0 _aLaw on protection of environment and prevention of pollution
250 _a4th
260 _aAllahabad
_bLaw book comp. India
_c1998
300 _a1103p
_ccm.
700 _a Chaturvedi M.M. Au.
_9682659
942 _hD854:(G:54)Z2, N6
_cTEXL
_2CC
999 _c1128370
_d1128370